Anl̀isis financiero

Bibliographic Details
Main Author: Cr̤doba Padilla, Marcial
Format: eBook
Language:Spanish
Published: Bogot:̀ ECOE, 2014
Subjects:
Online Access:Acceso restringido

MARC

LEADER 00000nam a22000007a 4500
005 20170407235146.0
007 cr|||| ||||
008 170407s2014 co |||||s|||| 00||0 spa d
020 |a 978-958-771-118-9 
035 |a 20251 
040 |a vLex 
090 |c 6640  |d 6640 
100 1 |a Cr̤doba Padilla, Marcial 
245 1 0 |a Anl̀isis financiero  |h [Recurso electrn̤ico] /  |c Marcial Cr̤doba Padilla 
256 |a Servicio en ln̕ea 
260 |a Bogot:̀  |b ECOE,  |c 2014 
300 |a 1 recurso electrn̤ico 
506 1 |a Disponible solo en los productos indicados  |d vLex Global  |d vLex Global (Academic Edition, excluding Law Schools)  |d vLex Global (U.S. Academic Edition, Law Schools)  |d vLex Global (U.S. Academic Edition, excluding Law Schools)  |d vLex Global (Academic Edition, Law Schools) 
650 0 4 |a Derecho Fiscal  |z Colombia 
650 0 4 |a Financiero  |z Colombia 
740 0 |a vLex Libros (Servicio en ln̕ea) 
856 4 0 |u http://vlex.com/source/analisis-financiero-20251  |z Acceso restringido 
942 |c BOOK 
999 0 |a Tax Law 
999 0 |a Financial